000 00283nam a22001337a 4500
008 170301b xxu||||| |||| 00| 0 eng d
020 _a0444011056
041 _aeng
080 _27TH
_a61
100 _a6
101 _aSHM
245 _aANESTHESIOLOGY
_cDALPRA, M.A
942 _2udc
_cBK
999 _c6496
_d6496